00429cam a22001457a 4500008004000000020001500040082001900055100002000074245004300094260004300137300001000180650002800190650003400218650003100252180718b2000 xxu||||| |||| 00| 0 eng d a8121206979 aQ811x5433 D212 aDang, Satya Pal aTerrorism in Punjabcby Satya Pal Dang aNew DelhibGyan Publishing Housec2000 a412p. aPolice - Punjab - India aHuman rights - Punjab - India aTerrorism - Punjab - India